| 000 | 00481nam a22001697a 4500 | ||
|---|---|---|---|
| 003 | NUST | ||
| 038 | _aMr. Zahoor | ||
| 082 | _a510.1 | ||
| 100 |
_aAshraf, Sobia _917186 |
||
| 245 |
_aBounds for the stanley Depth of some Square Free Monomial Ideals _cSobia Ashraf |
||
| 260 |
_aIslamabad : _bCAMP - NUST, _c2013. |
||
| 300 |
_a49 p. ; _c30cm. |
||
| 500 | _aHardcover. | ||
| 650 |
_aMathematics - M.Phil Thesis _916594 |
||
| 700 |
_aDr. Muhammad Ishaq _917132 |
||
| 942 |
_2ddc _cTHE |
||
| 999 |
_c526212 _d526212 |
||